Doctor Who - Of The Daleks - Statistics

General Stats
  • This quiz has been taken 27 times
  • The average score is 10 of 14
Answer Stats
Hint Answer % Correct
The Fourth Doctor Genesis of the Daleks
95%
The Third Doctor Day of the Daleks
86%
The Third Doctor Planet of the Daleks
76%
The Seventh Doctor Remembrance of the Daleks
76%
The Second Doctor The Power of the Daleks
76%
The Fourth Doctor Destiny of the Daleks
71%
The Second Doctor The Evil of the Daleks
71%
The Eleventh Doctor Asylum of the Daleks
67%
The Fifth Doctor Resurrection of the Daleks
67%
The Sixth Doctor Revelation of the Daleks
67%
The Thirteenth Doctor Revolution of the Daleks
67%
The Eleventh Doctor Victory of the Daleks
67%
The Thirteenth Doctor Eve of the Daleks
52%
The Tenth Doctor Evolution of the Daleks
52%
No matching quizzes found
Score Distribution
Percent of People with Each Score
Percentile by Number Answered
Your Score History
You have not taken this quiz